<?xml version="1.0" encoding="UTF-8"?>
<record
    xmlns:xsi="http://www.w3.org/2001/XMLSchema-instance"
    xsi:schemaLocation="http://www.loc.gov/MARC21/slim http://www.loc.gov/standards/marcxml/schema/MARC21slim.xsd"
    xmlns="http://www.loc.gov/MARC21/slim">

  <leader>00893cam a2200217 a 4500</leader>
  <controlfield tag="001">000014022</controlfield>
  <controlfield tag="005">20200929163435.0</controlfield>
  <controlfield tag="008">780412s2000    cu a          001 0 spa  </controlfield>
  <datafield tag="040" ind1=" " ind2=" ">
    <subfield code="a">DO-SdBNP</subfield>
    <subfield code="b">spa</subfield>
    <subfield code="c">BNPHU</subfield>
  </datafield>
  <datafield tag="082" ind1=" " ind2=" ">
    <subfield code="a">633.7191</subfield>
    <subfield code="b">G216b, 2000</subfield>
  </datafield>
  <datafield tag="100" ind1="1" ind2=" ">
    <subfield code="a">Garc&#xED;a Gall&#xF3;, Gaspar M. Jorge,</subfield>
    <subfield code="d">1906-1992</subfield>
    <subfield code="9">31734</subfield>
  </datafield>
  <datafield tag="245" ind1="1" ind2="0">
    <subfield code="a">Biograf&#xED;a del tabaco habano /</subfield>
    <subfield code="c">Gaspar M. Jorge Garc&#xED;a Gall&#xF3; ; edici&#xF3;n Mar&#xED;a Dolores Pi&#xF1;eda Sierra ; introducci&#xF3;n Wilfredo Correa Garc&#xED;a ; pr&#xF3;logo Ernesto Che Guevara.</subfield>
  </datafield>
  <datafield tag="250" ind1=" " ind2=" ">
    <subfield code="a">3a. ed.</subfield>
  </datafield>
  <datafield tag="260" ind1=" " ind2=" ">
    <subfield code="a">Habana, (Cuba) :</subfield>
    <subfield code="b">Instituto Cubano del Libro,</subfield>
    <subfield code="b">Jos&#xE9; Mart&#xED;,</subfield>
    <subfield code="c">2000.</subfield>
  </datafield>
  <datafield tag="300" ind1=" " ind2=" ">
    <subfield code="a">203 p. :</subfield>
    <subfield code="b">il. ;</subfield>
    <subfield code="c">21 cm.</subfield>
  </datafield>
  <datafield tag="650" ind1=" " ind2="4">
    <subfield code="a">Tabaco</subfield>
    <subfield code="z">Cuba</subfield>
    <subfield code="9">31735</subfield>
  </datafield>
  <datafield tag="650" ind1=" " ind2="4">
    <subfield code="a">Industria del tabaco</subfield>
    <subfield code="z">Cuba</subfield>
    <subfield code="9">31736</subfield>
  </datafield>
  <datafield tag="700" ind1="1" ind2=" ">
    <subfield code="a">Pi&#xF1;eda Sierra, Mar&#xED;a Dolores</subfield>
    <subfield code="e">ed.</subfield>
    <subfield code="9">31737</subfield>
  </datafield>
  <datafield tag="700" ind1="1" ind2=" ">
    <subfield code="a">Correa Garc&#xED;a, Wilfredo</subfield>
    <subfield code="e">intr.</subfield>
    <subfield code="9">31738</subfield>
  </datafield>
  <datafield tag="700" ind1="1" ind2=" ">
    <subfield code="a">Che Guevara, Ernesto</subfield>
    <subfield code="e">pr&#xF3;l.</subfield>
    <subfield code="9">31739</subfield>
  </datafield>
  <datafield tag="952" ind1=" " ind2=" ">
    <subfield code="0">0</subfield>
    <subfield code="1">0</subfield>
    <subfield code="5">0</subfield>
    <subfield code="7">1</subfield>
    <subfield code="8">MO</subfield>
    <subfield code="a">GR</subfield>
    <subfield code="b">GR</subfield>
    <subfield code="c">HD</subfield>
    <subfield code="d">2009-12-02</subfield>
    <subfield code="i">LF1</subfield>
    <subfield code="l">0</subfield>
    <subfield code="o">633.7191 G216b, 2000</subfield>
    <subfield code="p">14022-10</subfield>
    <subfield code="r">2020-06-25</subfield>
    <subfield code="w">2020-06-25</subfield>
    <subfield code="y">1</subfield>
    <subfield code="Z">No se presta</subfield>
  </datafield>
  <datafield tag="952" ind1=" " ind2=" ">
    <subfield code="0">0</subfield>
    <subfield code="1">0</subfield>
    <subfield code="5">0</subfield>
    <subfield code="7">1</subfield>
    <subfield code="8">MO</subfield>
    <subfield code="a">GR</subfield>
    <subfield code="b">GR</subfield>
    <subfield code="c">HD</subfield>
    <subfield code="d">2010-11-22</subfield>
    <subfield code="i">LF1</subfield>
    <subfield code="l">0</subfield>
    <subfield code="o">633.7191 G216b, 2000</subfield>
    <subfield code="p">14022-20</subfield>
    <subfield code="r">2020-06-25</subfield>
    <subfield code="t">e. 2</subfield>
    <subfield code="w">2020-06-25</subfield>
    <subfield code="y">1</subfield>
    <subfield code="Z">No se presta</subfield>
  </datafield>
  <datafield tag="999" ind1=" " ind2=" ">
    <subfield code="c">13626</subfield>
    <subfield code="d">13626</subfield>
  </datafield>
</record>
